[Event "4NCL Division 4 South"]
[Site "Maidenhead, ENG"]
[Date "2019.11.09"]
[Round "1.136"]
[White "Dias, Ruwan"]
[Black "Love, James"]
[Result "0-1"]
[WhiteElo "1353"]
[BlackElo "1461"]
[PlyCount "102"]
[EventDate "2019.11.09"]
[WhiteTeam "Wood Green Youth"]
[BlackTeam "Crowthorne 2"]

1. e4 e6 2. d4 d5 3. Nc3 c5 4. Nf3 Nc6 5. Bf4 Bd6 6. Bxd6 Qxd6 7. Nb5 Qd8 8.
Nc3 dxe4 9. Nxe4 Nxd4 10. Nxd4 cxd4 11. Bb5+ Bd7 12. Qxd4 Bxb5 13. Nd6+ Ke7 14.
Nxb5 Qxd4 15. Nxd4 Rd8 16. O-O-O Nh6 17. h3 Kf6 18. Nf3 Kf5 19. Nd4+ Kf6 20. g4
Ke7 21. Rhe1 Rd5 22. f4 Rhd8 23. c3 g6 24. Kc2 R8d6 25. Nf3 Rxd1 26. Rxd1 Rxd1
27. Kxd1 f6 28. Kd2 Nf7 29. Kd3 g5 30. fxg5 Nxg5 31. Nxg5 fxg5 32. Ke4 Kd6 33.
Kd4 b6 34. b4 b5 35. a3 a6 36. Ke4 h6 37. Kd4 e5+ 38. Ke4 Ke6 39. Kd3 Kd5 40.
Ke3 e4 41. Kd2 Ke6 42. Ke3 Ke5 43. Ke2 Kf4 44. Kf2 e3+ 45. Ke2 Ke4 46. Ke1 Kd3
47. Kd1 e2+ 48. Ke1 Ke3 49. a4 bxa4 50. b5 axb5 51. c4 a3 0-1

[Event "4NCL Division 4 South"]
[Site "Maidenhead, ENG"]
[Date "2019.11.09"]
[Round "1.141"]
[White "Wilks, Simon"]
[Black "Angelopoulos, Nicos"]
[Result "1-0"]
[WhiteElo "2192"]
[BlackElo "1615"]
[PlyCount "82"]
[EventDate "2019.11.09"]
[WhiteTeam "All Anands on Deck"]
[BlackTeam "Barnet Knights 3"]

1. e4 c6 2. d4 d5 3. Nc3 dxe4 4. Nxe4 Bf5 5. Ng3 Bg6 6. h4 h6 7. Nf3 Nd7 8. h5
Bh7 9. Bd3 Bxd3 10. Qxd3 e6 11. Bd2 Ngf6 12. O-O-O Be7 13. Qe2 Qc7 14. Kb1 Bd6
15. Ne4 Nxe4 16. Qxe4 Nf6 17. Qe2 O-O-O 18. c4 Rhe8 19. Bc3 Bf8 20. Ne5 Ng8 21.
f4 f6 22. Ng6 Bd6 23. g3 Qf7 24. Rhe1 Ne7 25. Qxe6+ Qxe6 26. Rxe6 Nxg6 27. Rxe8
Rxe8 28. hxg6 Re3 29. Rg1 Kd7 30. Kc2 Re7 31. Kd3 b6 32. d5 cxd5 33. cxd5 Bc5
34. Re1 Bf2 35. Rxe7+ Kxe7 36. g4 Bc5 37. Ke4 Kd7 38. Bxf6 Bf8 39. Be5 Ke7 40.
f5 a6 41. Bd4 b5 1-0

[Event "4NCL Division 4 South"]
[Site "Maidenhead, ENG"]
[Date "2019.11.09"]
[Round "1.142"]
[White "Angelopoulos, Andreas"]
[Black "Waller, Dan"]
[Result "0-1"]
[WhiteElo "1615"]
[BlackElo "2102"]
[PlyCount "68"]
[EventDate "2019.11.09"]
[WhiteTeam "Barnet Knights 3"]
[BlackTeam "All Anands on Deck"]

1. d4 f5 2. c4 Nf6 3. Nc3 e6 4. g3 c6 5. Bg2 d5 6. cxd5 exd5 7. e3 Bd6 8. Nf3
Nbd7 9. O-O O-O 10. Qc2 Ne4 11. Nd2 Nxc3 12. bxc3 Nf6 13. c4 Bd7 14. cxd5 cxd5
15. Qb3 Qa5 16. Nf3 Bb5 17. Bd2 Qa6 18. Rfb1 Bc4 19. Qxb7 Qa4 20. Qb2 Ne4 21.
Qc1 Bd3 22. Qd1 Bc2 23. Qe1 Bxb1 24. Rxb1 Rab8 25. Rc1 Rb2 26. Rd1 Qxa2 27. Ra1
Qb3 28. Rd1 Rc8 29. Nh4 g6 30. Bxe4 dxe4 31. Ba5 Rcc2 32. Ng2 Re2 33. Qxe2 Rxe2
34. Rf1 Qa2 0-1

[Event "4NCL Division 4 South"]
[Site "Maidenhead, ENG"]
[Date "2019.11.09"]
[Round "1.143"]
[White "Jones, Tibor"]
[Black "Agnihotri, Aaryan"]
[Result "1-0"]
[WhiteElo "1975"]
[BlackElo "1562"]
[PlyCount "83"]
[EventDate "2019.11.09"]
[WhiteTeam "All Anands on Deck"]
[BlackTeam "Barnet Knights 3"]

1. d4 Nf6 2. Nf3 g6 3. Bg5 Bg7 4. Nbd2 Nc6 5. c3 O-O 6. e4 d6 7. Bc4 a6 8. a4
Re8 9. Qe2 h6 10. Bh4 g5 11. Bg3 Nh5 12. O-O Nxg3 13. fxg3 e6 14. Rf2 e5 15.
Nxg5 Qxg5 16. Bxf7+ Kh8 17. Bxe8 Bg4 18. h4 Qxh4 19. gxh4 Bxe2 20. Bxc6 bxc6
21. Rxe2 exd4 22. Nf3 dxc3 23. bxc3 Bxc3 24. Rc1 Ba5 25. Rxc6 Bb6+ 26. Kh2 Re8
27. Kh3 d5 28. e5 d4 29. Rxh6+ Kg7 30. Rxb6 cxb6 31. Nxd4 Kg6 32. Kg4 Rd8 33.
h5+ Kg7 34. Ne6+ Kg8 35. Nxd8 b5 36. axb5 axb5 37. Kg5 b4 38. e6 b3 39. e7 Kg7
40. e8=Q b2 41. Qg6+ Kh8 42. Nf7# 1-0

[Event "4NCL Division 4 South"]
[Site "Maidenhead, ENG"]
[Date "2019.11.09"]
[Round "1.144"]
[White "Agnihotri, Akaash"]
[Black "Sabin, Frank"]
[Result "0-1"]
[WhiteElo "1532"]
[BlackElo "1825"]
[PlyCount "68"]
[EventDate "2019.11.09"]
[WhiteTeam "Barnet Knights 3"]
[BlackTeam "All Anands on Deck"]

1. e4 c5 2. d3 Nc6 3. Nd2 g6 4. Ngf3 Bg7 5. g3 d6 6. Bg2 Nf6 7. O-O O-O 8. Re1
Qc7 9. c3 Ng4 10. h3 Nge5 11. Nxe5 Nxe5 12. d4 cxd4 13. cxd4 Nd3 14. Re3 Nxc1
15. Rxc1 Qa5 16. Ra3 Qb6 17. Nf3 Be6 18. d5 Bc8 19. Rb3 Qa5 20. Nd2 b5 21. Bf1
a6 22. Ra3 Qb4 23. Rb3 Qa4 24. a3 Bd7 25. Be2 Rfc8 26. Kg2 Rxc1 27. Qxc1 Rc8
28. Qb1 h5 29. g4 hxg4 30. Bxg4 Bxg4 31. hxg4 Bh6 32. Nf3 Qxb3 33. g5 Bg7 34.
Nd2 Qxb2 0-1

[Event "4NCL Division 4 South"]
[Site "Maidenhead, ENG"]
[Date "2019.11.09"]
[Round "1.145"]
[White "Shankar, Ryan"]
[Black "Farahi-Far, Mohammad"]
[Result "1-0"]
[WhiteElo "1637"]
[BlackElo "1487"]
[PlyCount "121"]
[EventDate "2019.11.09"]
[WhiteTeam "All Anands on Deck"]
[BlackTeam "Barnet Knights 3"]

1. d4 Nf6 2. Bf4 d6 3. e3 g6 4. Bd3 Bg7 5. Nf3 O-O 6. Nbd2 Nc6 7. a3 a6 8. O-O
Nh5 9. Bg5 h6 10. Bh4 Qd7 11. Rb1 e5 12. c3 Kh7 13. h3 f5 14. Nh2 Qf7 15. f4
exf4 16. exf4 b5 17. Qf3 Bb7 18. Rbe1 Rab8 19. Qd1 Qd5 20. Qb3 Qxb3 21. Nxb3
Rbe8 22. Rxe8 Rxe8 23. Nc1 Nd8 24. g4 fxg4 25. hxg4 Nf6 26. g5 Ne4 27. Re1 Nf7
28. Nf3 Bc6 29. Bxe4 Rxe4 30. Rxe4 Bxe4 31. gxh6 Bxh6 32. Ng5+ Nxg5 33. Bxg5
Bxg5 34. fxg5 Kg7 35. Kf2 Kf7 36. Ke3 Bf5 37. d5 Ke7 38. Kd4 Kd7 39. c4 bxc4
40. Kxc4 c6 41. b4 Be4 42. dxc6+ Kxc6 43. Ne2 d5+ 44. Kd4 Bf3 45. Nc3 Kd6 46.
Na4 Ke6 47. Ke3 Bh1 48. Nc5+ Kf5 49. Nxa6 Kxg5 50. Nc5 Kf5 51. Nd3 g5 52. Nf2
Be4 53. Kd4 g4 54. Nxg4 Kxg4 55. b5 Bf5 56. Kxd5 Kf4 57. b6 Be4+ 58. Kd6 Ba8
59. a4 Ke4 60. a5 Bb7 61. Kc7 1-0

[Event "4NCL Division 4 South"]
[Site "Maidenhead, ENG"]
[Date "2019.11.09"]
[Round "1.151"]
[White "Sanfey, Peter"]
[Black "Rudge, Jerry F"]
[Result "0-1"]
[WhiteElo "1367"]
[BlackElo "2110"]
[PlyCount "98"]
[EventDate "2019.11.09"]
[WhiteTeam "Barnet Knights 4"]
[BlackTeam "Watford 1"]

1. e4 c5 2. f4 d5 3. d3 g6 4. Nc3 d4 5. Nce2 Nc6 6. c3 Bg4 7. h3 Bxe2 8. Bxe2
Bg7 9. Bd2 e5 10. Nf3 exf4 11. O-O Nge7 12. Rc1 O-O 13. Bxf4 b6 14. Qa4 h6 15.
h4 Kh7 16. g4 Qd7 17. Nd2 Rad8 18. Nc4 Qe6 19. a3 Rd7 20. Qd1 Rfd8 21. Kg2 Kg8
22. Qd2 b5 23. Nd6 Rxd6 24. Bxd6 Qxd6 25. Rf2 Ne5 26. Qf4 N7c6 27. Rcf1 Rd7 28.
Qg3 Qe6 29. cxd4 Nxd4 30. Bd1 c4 31. dxc4 bxc4 32. Ba4 Re7 33. Rd1 Nxg4 34.
Rxd4 Bxd4 35. Re2 Ne3+ 36. Rxe3 Bxe3 37. Qxe3 Qxe4+ 38. Qf3 Qe2+ 39. Qf2 Qg4+
40. Kf1 Qh3+ 41. Kg1 Re3 42. Bc6 Qg3+ 43. Qxg3 Rxg3+ 44. Kf2 Rb3 45. Bd5 Rxb2+
46. Ke3 Rb3+ 47. Kd4 Rxa3 48. Bxc4 Ra4 49. Kc5 Rxc4+ 0-1

[Event "4NCL Division 4 South"]
[Site "Maidenhead, ENG"]
[Date "2019.11.09"]
[Round "1.152"]
[White "Karamazondo, Ernest"]
[Black "Carter, Gavin"]
[Result "1-0"]
[WhiteElo "2087"]
[BlackElo "1262"]
[PlyCount "77"]
[EventDate "2019.11.09"]
[WhiteTeam "Watford 1"]
[BlackTeam "Barnet Knights 4"]

1. e4 b6 2. Bc4 e6 3. Nc3 Bb7 4. Bb3 Nf6 5. Qe2 Nc6 6. Nf3 d6 7. d4 Qe7 8. O-O
O-O-O 9. Ba4 d5 10. e5 Ne4 11. Be3 h5 12. Bb5 Nxc3 13. bxc3 Qa3 14. Bc1 Qxc3
15. Bd2 Qa3 16. Rab1 a6 17. Bd3 Nb4 18. Rb3 Qa4 19. Bxb4 Bxb4 20. Rfb1 Be7 21.
c3 g5 22. a3 g4 23. Nd2 Rdg8 24. f4 gxf3 25. Nxf3 Rg7 26. R3b2 Rhg8 27. Qe1
Qxa3 28. Bf1 Rg6 29. Kh1 f6 30. Qd2 fxe5 31. Ra2 Qd6 32. Nxe5 R6g7 33. Qh6 h4
34. Re1 Bg5 35. Qh5 Qf8 36. Bxa6 Bd2 37. Bxb7+ Kxb7 38. Qe2 Qb8 39. Qa6# 1-0

[Event "4NCL Division 4 South"]
[Site "Maidenhead, ENG"]
[Date "2019.11.09"]
[Round "1.153"]
[White "Ford, Conor"]
[Black "Nelson, Omowale"]
[Result "0-1"]
[WhiteElo "1315"]
[BlackElo "2005"]
[PlyCount "100"]
[EventDate "2019.11.09"]
[WhiteTeam "Barnet Knights 4"]
[BlackTeam "Watford 1"]

1. d4 d5 2. e3 Nf6 3. Bd3 c5 4. c3 e6 5. Nd2 Nc6 6. a3 Be7 7. f4 b6 8. Ngf3 Qc7
9. O-O O-O 10. Ne5 Bb7 11. Rf3 Nxe5 12. fxe5 Ne4 13. Rh3 f5 14. Qh5 Ng5 15. g4
Nxh3+ 16. Qxh3 Bc8 17. Nf3 Qd8 18. Bd2 Bd7 19. Kh1 Rf7 20. Rg1 g6 21. Qg3 Qf8
22. Be2 Qg7 23. g5 Rc8 24. h4 Rff8 25. Kg2 a5 26. Rh1 Ba4 27. Bd3 Bd7 28. Rf1
c4 29. Bc2 b5 30. Bc1 b4 31. Qe1 bxa3 32. bxa3 Rb8 33. Qd2 Rfc8 34. Kh3 Qf8 35.
a4 Ba3 36. Rg1 Bb2 37. Rf1 Qa3 38. Bxb2 Rxb2 39. Rc1 Bxa4 40. Kg3 Qa2 41. Ne1
Rcb8 42. Kh3 Rb1 43. Rxb1 Rxb1 44. Kg3 Rb2 45. Kf3 Bxc2 46. Nxc2 Rxc2 47. Qe1
Rh2 48. Qf1 Rxh4 49. Kg3 Qh2+ 50. Kf3 Rh3+ 0-1

[Event "4NCL Division 4 South"]
[Site "Maidenhead, ENG"]
[Date "2019.11.09"]
[Round "1.154"]
[White "Luberto, Michael"]
[Black "Ibrahim, Amir"]
[Result "1-0"]
[WhiteElo "1952"]
[BlackElo "1330"]
[PlyCount "37"]
[EventDate "2019.11.09"]
[WhiteTeam "Watford 1"]
[BlackTeam "Barnet Knights 4"]

1. e4 e5 2. Nf3 Nc6 3. Bb5 a6 4. Ba4 b5 5. Bb3 Bc5 6. O-O Bb7 7. c3 Bb6 8. d4
d6 9. Ng5 Nh6 10. Qh5 Qf6 11. Ne6 g6 12. Qxh6 fxe6 13. Bg5 Qf7 14. f4 Qd7 15.
f5 exf5 16. exf5 gxf5 17. Be6 Qxe6 18. Qxe6+ Kf8 19. Bh6# 1-0

[Event "4NCL Division 4 South"]
[Site "Maidenhead, ENG"]
[Date "2019.11.09"]
[Round "1.155"]
[White "Willmoth, Kate"]
[Black "Lancaster, Roger"]
[Result "0-1"]
[WhiteElo "1315"]
[BlackElo "1892"]
[PlyCount "46"]
[EventDate "2019.11.09"]
[WhiteTeam "Barnet Knights 4"]
[BlackTeam "Watford 1"]

1. e4 c6 2. Nf3 d5 3. exd5 cxd5 4. d4 Nc6 5. Be2 Nf6 6. O-O Bf5 7. a3 Rc8 8.
Be3 e6 9. Nbd2 Bd6 10. c3 h6 11. b3 O-O 12. b4 Bb8 13. Nb3 Ne4 14. Rc1 Bh7 15.
Bd3 f5 16. Bxe4 dxe4 17. Nfd2 f4 18. Bxf4 Bxf4 19. Ra1 b6 20. Qe2 e5 21. dxe5
Nxe5 22. Nxe4 Qd5 23. Ng3 Qxb3 0-1

[Event "4NCL Division 4 South"]
[Site "Maidenhead, ENG"]
[Date "2019.11.09"]
[Round "1.156"]
[White "Pigott, Darrell N"]
[Black "Wolstenholme, Scarlet"]
[Result "1-0"]
[WhiteElo "1877"]
[BlackElo "1285"]
[PlyCount "73"]
[EventDate "2019.11.09"]
[WhiteTeam "Watford 1"]
[BlackTeam "Barnet Knights 4"]

1. e4 e5 2. Nf3 Nc6 3. Bc4 Bc5 4. d3 h6 5. c3 Nf6 6. b4 Bb6 7. b5 Na5 8. Nxe5
Nxc4 9. Nxc4 O-O 10. O-O d6 11. h3 Be6 12. Nxb6 axb6 13. Qc2 Qd7 14. c4 c6 15.
bxc6 Qxc6 16. Bb2 Qa4 17. Qxa4 Rxa4 18. Nc3 Ra5 19. Nb5 Rd8 20. Bd4 Bd7 21.
Bxb6 Bxb5 22. Bxd8 Ra8 23. Bxf6 gxf6 24. cxb5 Kf8 25. Rfc1 Ke8 26. Rc7 Ra3 27.
Rxb7 Rxd3 28. Rc1 Kf8 29. Rcc7 Kg7 30. h4 Kg6 31. Rxf7 Kh5 32. Rxf6 Kxh4 33.
Rg7 Kh5 34. Rf5+ Kh4 35. Kh2 d5 36. g3+ Rxg3 37. fxg3# 1-0

[Event "4NCL Division 4 South"]
[Site "Maidenhead, ENG"]
[Date "2019.11.09"]
[Round "1.201"]
[White "Onley, David E"]
[Black "Terry, Sean"]
[Result "1/2-1/2"]
[WhiteElo "2090"]
[BlackElo "1906"]
[PlyCount "91"]
[EventDate "2019.11.09"]
[WhiteTeam "War and Piece"]
[BlackTeam "Oxford 4"]

1. e4 c6 2. Nc3 d6 3. d4 e5 4. Be3 Nf6 5. h3 Be7 6. Qf3 Nbd7 7. O-O-O b5 8. g4
b4 9. Nce2 d5 10. Ng3 dxe4 11. Nxe4 Nd5 12. dxe5 Nxe5 13. Qg3 f6 14. f4 Nf7 15.
Bc4 Qc7 16. Ne2 O-O 17. Nd4 Nd6 18. Nxd6 Bxd6 19. Nb5 Qe7 20. Rhe1 Be6 21. Nd4
Qf7 22. Qf3 Bd7 23. Nb3 Rae8 24. Kb1 Kh8 25. Bxa7 Be6 26. Bd4 Nc3+ 27. Bxc3
Bxc4 28. Rxd6 bxc3 29. Qxc3 Bd5 30. Rc1 Re2 31. Qc5 Rfe8 32. c4 Be4+ 33. Ka1
Rh2 34. Qd4 Qc7 35. g5 Rxh3 36. gxf6 Rd3 37. fxg7+ Kg8 38. Qxd3 Bxd3 39. Rxd3
Kxg7 40. Rcd1 Qxf4 41. Rd7+ Kh8 $11 42. Rh1 h6 43. c5 Re6 44. a3 Qf3 45. Rg1
Qxb3 46. Rd8+ 1/2-1/2

[Event "4NCL Division 4 South"]
[Site "Maidenhead, ENG"]
[Date "2019.11.09"]
[Round "1.204"]
[White "Fu, Yuting"]
[Black "Portman, Carl S"]
[Result "1/2-1/2"]
[WhiteElo "1900"]
[BlackElo "1868"]
[PlyCount "62"]
[EventDate "2019.11.09"]
[WhiteTeam "Oxford 4"]
[BlackTeam "War and Piece"]

1. d4 d5 2. c4 e6 3. Nc3 a6 4. Nf3 Nf6 5. Bg5 Be7 6. e3 O-O 7. Bd3 h6 8. Bh4
Nbd7 9. O-O dxc4 10. Bxc4 b5 11. Bd3 Bb7 12. Rc1 Rc8 13. Qe2 c5 14. Rfd1 Bxf3
15. Qxf3 cxd4 16. exd4 Qb6 17. Bg3 Rfd8 18. d5 exd5 19. Nxd5 Nxd5 20. Rxc8 Rxc8
21. Qxd5 Nf6 22. Qf3 Qc6 23. Qf5 Qc5 24. Bf4 Qxf5 25. Bxf5 Rc5 $11 26. Bb1 a5
27. Be3 Rd5 28. Rc1 g5 29. h3 Bd6 30. g3 Be5 31. b3 Bd4 1/2-1/2

[Event "4NCL Division 4 South"]
[Site "Maidenhead, ENG"]
[Date "2019.11.09"]
[Round "1.207"]
[White "Chapman, Chas"]
[Black "Neatherway, A Philip"]
[Result "1-0"]
[WhiteElo "1705"]
[BlackElo "1854"]
[PlyCount "67"]
[EventDate "2019.11.09"]
[WhiteTeam "War and Piece"]
[BlackTeam "Oxford 4"]

1. e4 e6 2. d4 d5 3. e5 c5 4. c3 Nc6 5. Nf3 Qb6 6. Qb3 f6 7. Qxb6 axb6 8. Be3
fxe5 9. Nxe5 Nxe5 10. dxe5 Ne7 11. Bb5+ Bd7 12. Bxd7+ Kxd7 13. Nd2 Nc6 14. f4
Be7 15. O-O Rhf8 16. Nf3 Ra6 17. g3 Rfa8 18. a3 b5 19. Rac1 Ra4 20. Rfd1 Ke8
21. Ng5 Bxg5 22. fxg5 Nxe5 23. Bxc5 Rc8 24. Bb4 Nc6 25. Rf1 Nxb4 26. axb4 Ra2
27. Rf2 d4 28. Rcf1 dxc3 29. Rf8+ Kd7 30. R1f7+ Kd6 31. Rxc8 cxb2 32. Rd8+ Ke5
33. Rf1 Ra1 34. Rdd1 1-0

[Event "4NCL Division 4 South"]
[Site "Maidenhead, ENG"]
[Date "2019.11.09"]
[Round "1.203"]
[White "Rudny, Tomasz"]
[Black "Martin, Nick J"]
[Result "1-0"]
[WhiteElo "1907"]
[BlackElo "1780"]
[PlyCount "45"]
[EventDate "2019.11.09"]
[WhiteTeam "Oxford 4"]
[BlackTeam "Banbury Bulldogs"]

1. e4 e6 2. d4 d5 3. Bd3 c5 4. exd5 exd5 5. Nf3 Nf6 6. O-O Be7 7. dxc5 Bxc5 8.
Re1+ Be7 9. Be3 Nc6 10. Nc3 O-O 11. h3 Bd7 12. a3 Rc8 13. Nb5 a6 14. Nbd4 b5
15. Nxc6 Bxc6 16. c3 Bb7 17. Bf5 Ra8 18. Bd4 g6 19. Bd3 Ne4 $11 20. Ne5 Nc5 21.
Ng4 Ne6 22. Rxe6 fxe6 23. Nh6# 1-0

[Event "4NCL Division 4 South"]
[Site "Maidenhead, ENG"]
[Date "2019.11.09"]
[Round "1.206"]
[White "Joain, Danut"]
[Black "Bush, Ian"]
[Result "0-1"]
[WhiteElo "1631"]
[BlackElo "1840"]
[PlyCount "54"]
[EventDate "2019.11.09"]
[WhiteTeam "Banbury Bulldogs"]
[BlackTeam "Oxford 4"]

1. d4 Nf6 2. Nc3 d6 3. Bf4 Nbd7 4. Nf3 g6 5. Qd2 c5 6. e3 Bg7 7. h4 a6 8. a4
Qa5 9. Rb1 O-O 10. Be2 Re8 11. dxc5 Qxc5 12. b4 Qc7 13. O-O a5 14. Nb5 Qd8 15.
Bc4 Nb6 16. Bb3 axb4 17. Qxb4 Nbd5 18. Qd4 Be6 19. Ng5 Nxf4 20. Nxf7 Kxf7 21.
Qxf4 Bxb3 22. cxb3 Rc8 23. g4 Qd7 24. f3 Kg8 25. g5 Nd5 26. Qe4 Nc3 27. Nxc3
Rxc3 0-1

[Event "4NCL Division 4 South"]
[Site "Maidenhead, ENG"]
[Date "2019.11.09"]
[Round "1.209"]
[White "Cole, Graham"]
[Black "Rumsby, Stephen"]
[Result "1-0"]
[WhiteElo "1817"]
[BlackElo "1579"]
[PlyCount "91"]
[EventDate "2019.11.09"]
[WhiteTeam "Oxford 4"]
[BlackTeam "Banbury Bulldogs"]

1. e4 e5 2. Nf3 Nc6 3. Bc4 d6 4. d4 Be7 5. O-O Nf6 6. Nc3 O-O 7. h3 Nd7 8. Nd5
Nb6 9. Nxe7+ Qxe7 10. Bg5 Qe8 11. Bb5 Bd7 12. Re1 f6 13. Bc1 Nxd4 14. Bf1 Nxf3+
15. Qxf3 f5 16. exf5 Rxf5 17. Qg3 Nd5 18. Bd3 Rf7 19. Bxh7+ Kxh7 20. Qd3+ Rf5
21. Qxd5 Bc6 22. Qd1 Qg6 23. Qg4 Raf8 24. Qxg6+ Kxg6 25. Be3 b6 26. Rad1 d5 27.
c3 Bb7 28. b4 c6 29. a4 R5f6 30. a5 bxa5 31. bxa5 a6 32. Bc5 Re8 33. Rb1 Rf7
34. Rb6 Re6 35. Reb1 Bc8 36. Rb8 Re8 37. R1b6 Rf6 38. Rxa6 Bxa6 39. Rxe8 e4 40.
Ra8 Bb7 41. Ra7 Rf7 42. a6 Bc8 43. Ra8 Bxa6 44. Rxa6 Rf6 45. Bd4 Re6 46. Ra7
1-0

[Event "4NCL Division 4 South"]
[Site "Maidenhead, ENG"]
[Date "2019.11.09"]
[Round "1.202"]
[White "Jackson, Gary C"]
[Black "Tucker, David S"]
[Result "0-1"]
[WhiteElo "1780"]
[BlackElo "1989"]
[PlyCount "58"]
[EventDate "2019.11.09"]
[WhiteTeam "Banbury Bulldogs"]
[BlackTeam "War and Piece"]

1. e4 c5 2. Nf3 Nc6 3. d4 cxd4 4. Nxd4 g6 5. Be3 Bg7 6. Nc3 Nf6 7. f3 O-O 8.
Nb3 a5 9. Bb5 d5 10. exd5 Nb4 11. Bc4 a4 12. Nc5 a3 13. Qd2 axb2 14. Rb1 b6 15.
N5e4 Qc7 16. Qe2 Nxc2+ 17. Qxc2 Qxc4 18. Rxb2 Nxe4 19. Nxe4 Qxd5 20. Qd2 Qxd2+
21. Rxd2 f5 22. Nf2 Bc3 23. Nd1 Bxd2+ 24. Bxd2 Rxa2 25. Nc3 Ra1+ 26. Nd1 Rd8
27. h4 h5 28. Rf1 Ba6 29. Rf2 Bc4 0-1

[Event "4NCL Division 4 South"]
[Site "Maidenhead, ENG"]
[Date "2019.11.09"]
[Round "1.205"]
[White "Fielding, Michael"]
[Black "Evans, Christopher J"]
[Result "1/2-1/2"]
[WhiteElo "1793"]
[BlackElo "1733"]
[PlyCount "58"]
[EventDate "2019.11.09"]
[WhiteTeam "War and Piece"]
[BlackTeam "Banbury Bulldogs"]

1. e4 c5 2. b3 Nc6 3. Bb2 d6 4. Nf3 Bg4 5. Be2 e6 6. O-O Nf6 7. Nc3 Be7 8. h3
Bh5 9. d3 g5 10. Nh2 Bxe2 11. Nxe2 Rg8 12. g4 e5 13. Ng3 h5 14. gxh5 Qd7 15.
Ng4 Rh8 16. Nxf6+ Bxf6 17. Qg4 Qc7 18. Nf5 Ne7 19. Bc1 Nxf5 20. Qxf5 Be7 21.
Qg4 Qd7 22. Re1 O-O-O 23. Re3 f6 24. Rg3 Rh6 25. h4 Qxg4 26. Rxg4 Rxh5 27. hxg5
fxg5 28. Be3 Rdh8 29. Rc1 Kd7 1/2-1/2

[Event "4NCL Division 4 South"]
[Site "Maidenhead, ENG"]
[Date "2019.11.09"]
[Round "1.208"]
[White "Langham, Rod E"]
[Black "O'Byrne, Daniel"]
[Result "1/2-1/2"]
[WhiteElo "1638"]
[BlackElo "1666"]
[PlyCount "41"]
[EventDate "2019.11.09"]
[WhiteTeam "Banbury Bulldogs"]
[BlackTeam "War and Piece"]

1. d4 Nf6 2. Bf4 c5 3. e3 cxd4 4. exd4 d5 5. c3 e6 6. Nd2 Nc6 7. Bd3 Bd6 8. Bg3
h5 9. Ngf3 Rg8 10. Ne5 g5 11. h3 Qc7 12. Qe2 Bd7 13. f4 Rg7 14. Rf1 g4 15. Bh4
Be7 16. Bxf6 Bxf6 17. hxg4 Bxe5 18. dxe5 Rxg4 19. Rf2 O-O-O 20. O-O-O Rdg8 21.
Rh1 1/2-1/2

[Event "4NCL Division 4 South"]
[Site "Maidenhead, ENG"]
[Date "2019.11.10"]
[Round "2.11"]
[White "Rudge, Jerry F"]
[Black "Wilks, Simon"]
[Result "1/2-1/2"]
[WhiteElo "2110"]
[BlackElo "2192"]
[PlyCount "102"]
[EventDate "2019.11.10"]
[WhiteTeam "Watford 1"]
[BlackTeam "All Anands on Deck"]

1. e4 e6 2. d4 d5 3. Nc3 Nf6 4. Bg5 dxe4 5. Nxe4 Be7 6. Bxf6 gxf6 7. Nf3 a6 8.
g3 f5 9. Ned2 c5 10. dxc5 Qa5 11. Bg2 Qxc5 12. O-O Bd7 13. Re1 Bc6 14. Nb3 Qb6
15. Qd4 Qxd4 16. Nfxd4 Bxg2 17. Kxg2 Nd7 18. Re2 Kf8 19. Rd1 Nf6 20. Rde1 Re8
21. c3 h5 22. Na5 b6 23. Nac6 Bd6 24. Nf3 Kg7 25. Rd1 Bc7 26. Nb4 Ra8 27. Nc6
b5 28. a4 bxa4 29. Ra1 Bd6 30. Rxa4 Rhc8 31. Nce5 Ne4 32. Nd3 Rcb8 33. Nd2 Nf6
34. Nc4 Bf8 35. Nde5 Rb5 36. Rd2 Nd5 37. Nf3 Rb7 38. Na5 Rc7 39. Rc4 $11 Rxc4
40. Nxc4 a5 41. Rc2 a4 42. Nfe5 Rc8 43. Nd2 a3 44. bxa3 Bxa3 45. c4 Nb4 46. Rc3
Bb2 47. Re3 Nc2 48. Re2 Nd4 49. Re3 Nc2 50. Re2 Nd4 51. Re3 Nc2 1/2-1/2

[Event "4NCL Division 4 South"]
[Site "Maidenhead, ENG"]
[Date "2019.11.10"]
[Round "2.12"]
[White "Waller, Dan"]
[Black "Karamazondo, Ernest"]
[Result "1-0"]
[WhiteElo "2102"]
[BlackElo "2087"]
[PlyCount "123"]
[EventDate "2019.11.10"]
[WhiteTeam "All Anands on Deck"]
[BlackTeam "Watford 1"]

1. e4 c5 2. Nf3 Nc6 3. Bb5 e5 4. d3 Bd6 5. Bc4 Nf6 6. Nc3 a6 7. a4 Be7 8. h3 d6
9. Bg5 h6 10. Bxf6 Bxf6 11. Nd5 Nb4 12. Ne3 Be6 13. c3 Nc6 14. O-O O-O 15. Qd2
Qd7 16. Rfb1 Rab8 17. Nd5 Bd8 18. b4 b5 19. axb5 axb5 20. Bb3 Kh8 21. Ra6 f5
22. Kh2 fxe4 23. dxe4 Rc8 24. Bd1 c4 25. Rba1 Qb7 26. Bc2 Qd7 27. Qe3 Rb8 28.
R1a2 Qb7 29. Bd1 Bc8 30. R6a3 Be6 31. Qd2 Rf7 32. Ne3 Be7 33. Ra6 Bc8 34. Qd5
Nd8 35. Ra7 Qb6 36. Qd2 Nc6 37. Nd5 Qd8 38. Nxe7 Rxe7 39. Rxe7 Nxe7 40. Nxe5
Qc7 41. Nf7+ Kg8 42. Qxd6 Rb7 43. Qxc7 Rxc7 44. Nd6 Bd7 45. Ra8+ Kh7 46. Rb8
Ra7 47. Nxb5 Bxb5 48. Rxb5 Ra3 49. Rc5 Rxc3 50. Be2 Rc2 51. Bxc4 Rxf2 52. Kg3
Rb2 53. b5 Kg6 54. Rc7 Rb4 55. Kf4 Kh7 56. Rxe7 Rxc4 57. b6 Rb4 58. b7 Kg6 59.
Ke5 Rb5+ 60. Kd6 h5 61. Kc7 Rc5+ 62. Kb6 1-0

[Event "4NCL Division 4 South"]
[Site "Maidenhead, ENG"]
[Date "2019.11.10"]
[Round "2.13"]
[White "Nelson, Omowale"]
[Black "Jones, Tibor"]
[Result "0-1"]
[WhiteElo "2005"]
[BlackElo "1975"]
[PlyCount "76"]
[EventDate "2019.11.10"]
[WhiteTeam "Watford 1"]
[BlackTeam "All Anands on Deck"]

1. d4 d5 2. c4 c6 3. Nc3 Nf6 4. Nf3 e6 5. g3 dxc4 6. Bg2 Nbd7 7. O-O b5 8. a4
b4 9. Nb1 Bb7 10. Nfd2 Qc8 11. Nxc4 c5 12. Bf4 Bxg2 13. Kxg2 Qc6+ 14. f3 Rd8
15. dxc5 Nxc5 16. Qc2 Be7 17. Nbd2 Nd5 18. Be5 O-O 19. Rfc1 Bg5 20. e4 Ne3+ 21.
Nxe3 Bxe3 22. Nb3 Qb6 23. Rd1 Nxb3 24. Qxb3 Bd2 25. Qc4 Rc8 26. Qe2 Bg5 27. Bd6
b3 28. f4 Rc2 29. Rd2 Qxd6 30. Rxc2 bxc2 31. fxg5 Rc8 32. Rc1 Qc6 33. b3 Qc3
34. b4 Qb2 35. Qd2 Qa2 36. a5 Qc4 37. Kf3 Qb3+ 38. Ke2 g6 0-1

[Event "4NCL Division 4 South"]
[Site "Maidenhead, ENG"]
[Date "2019.11.10"]
[Round "2.14"]
[White "Sabin, Frank"]
[Black "Luberto, Michael"]
[Result "1-0"]
[WhiteElo "1825"]
[BlackElo "1952"]
[PlyCount "93"]
[EventDate "2019.11.10"]
[WhiteTeam "All Anands on Deck"]
[BlackTeam "Watford 1"]

1. d4 g6 2. c4 Bg7 3. Nc3 Nf6 4. e4 d6 5. f3 O-O 6. Be3 e5 7. d5 Nh5 8. Qd2
Qh4+ 9. g3 Nxg3 10. Qf2 Nxf1 11. Qxh4 Nxe3 12. Qf2 Bh6 13. Qe2 Na6 14. Nd1 Nxd1
15. Rxd1 b6 16. h4 Bf4 17. Qg2 h5 18. Ne2 Bh6 19. O-O Bd7 20. Kh1 Rae8 21. Nc3
Ra8 22. a3 Nc5 23. b4 Na4 24. Rd3 a6 25. Qc2 Nxc3 26. Rxc3 a5 27. Qb2 Rfb8 28.
Rd3 Bf4 29. Kg2 Kf8 30. Qc3 Ke8 31. Rf2 Kd8 32. c5 axb4 33. axb4 bxc5 34. bxc5
Rb1 35. Rb2 Rba1 36. Rc2 Rb1 37. cxd6 cxd6 38. Qc7+ Ke7 39. Rdc3 Raa1 40. Rc6
Kf8 41. Qxd7 Rh1 42. Qxd6+ Kg8 43. Rc8+ Kh7 44. Rh8+ Kxh8 45. Qf8+ Kh7 46.
Qxf7+ Kh6 47. Qf8+ 1-0

[Event "4NCL Division 4 South"]
[Site "Maidenhead, ENG"]
[Date "2019.11.10"]
[Round "2.21"]
[White "Smith, Steve"]
[Black "Rathbone-Jones, Ifan"]
[Result "1-0"]
[WhiteElo "1779"]
[BlackElo "2042"]
[PlyCount "67"]
[EventDate "2019.11.10"]
[WhiteTeam "West is Best 3"]
[BlackTeam "Fischer's Catch"]

1. e4 c5 2. c3 Nc6 3. d4 cxd4 4. cxd4 d5 5. exd5 Qxd5 6. Nf3 Bg4 7. Be2 e5 8.
Nc3 Bb4 9. Bd2 Bxc3 10. Bxc3 exd4 11. O-O Nge7 12. Nxd4 Bxe2 13. Nxe2 O-O 14.
Qa4 b5 15. Qg4 Ng6 16. Rfd1 Qc5 17. Rac1 Qb6 18. Rd6 Rad8 19. Bd4 Nxd4 20. Rxb6
Nxe2+ 21. Qxe2 axb6 22. Qxb5 Rd2 23. g3 Rfd8 24. Kf1 f6 25. Qxb6 Ne5 26. Qe6+
Kf8 27. Rc8 Rxc8 28. Qxc8+ Kf7 29. Qb7+ Kg6 30. a4 Nd3 31. Qe4+ Kf7 32. Qe3
Rd1+ 33. Ke2 Nxb2 34. Qb3+ 1-0